| 000 | 00376nam a22001457a 4500 | ||
|---|---|---|---|
| 999 |
_c7832 _d7832 |
||
| 003 | OSt | ||
| 005 | 20200526120656.0 | ||
| 008 | 200526b ||||| |||| 00| 0 eng d | ||
| 020 | _a9780367022754 | ||
| 082 | _a307.121BAR | ||
| 100 | _a Barnett, Jonathan | ||
| 245 |
_aRedesigning cities/ _bprinciples, practice, implementation |
||
| 260 | _aPlanners Press, 2003 | ||
| 942 | _2ddc | ||